[Event "Challenge"]
[Site "http://www.queenalice.com/game.php?id=228575"]
[Date "2007.6.21"]
[Round "-"]
[White "gnomo"]
[Black "Pabloblo"]
[Result "0-1"]
[WhiteElo "1612"]
[BlackElo "1407"]

1. e4 a5 2. Nc3 e5 3. Nf3 Nc6 4. d3 Bc5 5. Nd5 Nge7 6. Bg5 O-O 7. c4 f6 8. Bd2
a4 9. a3 Bd4 10. Nxd4 Nxd4 11. c5 c6 12. Nb4 d5 13. exd5 Nxd5 14. Nxd5 Qxd5 15.
Bb4 e4 16. Rc1 exd3 17. Bxd3 Qxg2 18. Rf1 Nf3+ 19. Ke2 Re8+ 20. Be4 Rxe4+ 21.
Kd3 Rd4+ 22. Kc2 Bf5+ 23. Kc3 Rxd1 24. Rfxd1 Qxh2 25. Ba5 Rxa5 26. Rd8+ Kf7 27.
Rcd1 Qe5+ 28. R1d4 Rxc5+ 29. Kb4 Nxd4 30. Kxa4 Bc2+ 31. Kb4 Rb5+ 32. Kc3 Qc5+
33. Kd2 Rxb2 34. a4 Bf5+ 35. Ke3 Ne6+ 36. Kf3 Nxd8 37. Kg3 Rxf2 38. a5 Qe3+ 39.
Kh4 Qh3# 0-1

[Event "Challenge"]
[Site "http://www.queenalice.com/game.php?id=231501"]
[Date "2007.6.27"]
[Round "-"]
[White "JCJ"]
[Black "gnomo"]
[Result "0-1"]
[WhiteElo "1365"]
[BlackElo "1527"]

1. e4 e5 2. Nf3 Bd6 3. d4 Nc6 4. Bg5 Nf6 5. dxe5 Bxe5 6. Nxe5 Nxe5 7. Nd2 c5 8.
Nc4 Nxc4 9. Bxc4 Qa5+ 10. Bd2 Qc7 11. Qf3 O-O 12. O-O Qc6 13. Rae1 b5 14. Bd5
Nxd5 15. exd5 Qd6 16. Bf4 Qa6 17. d6 Bb7 18. Qb3 Qa4 19. Qe3 Qc4 20. Qg3 Rae8
21. Be5 g6 22. a3 Qxc2 23. b4 cxb4 24. axb4 Qc4 25. Qf4 Qc6 26. f3 Qb6+ 27. Kh1
a5 28. Bf6 Re6 29. Bd4 Qxd6 30. Qxd6 Rxd6 31. Bc3 Rc6 32. Rc1 a4 33. Bb2 Rc4 34.
Ba3 d5 35. Rce1 d4 36. Re5 Bc6 37. Rc5 d3 38. Rxc4 bxc4 39. Rc1 Bd5 40. Kg1 d2
41. Rd1 c3 42. Kf1 Bc4+ 43. Kf2 Rd8 44. Ke3 f5 45. g4 Bb3 46. Rb1 c2 47. Bc1
cxb1=Q 48. Bxd2 Qd3+ 49. Kf2 Qxd2+ 50. Kg3 Qxb4 51. gxf5 gxf5 52. f4 Rd4 53. Kh4
Rxf4+ 54. Kg3 Qd2 55. h4 Rg4+ 56. Kh3 Bd1 57. h5 Qg2# 0-1

[Event "Challenge"]
[Site "http://www.queenalice.com/game.php?id=236428"]
[Date "2007.7.8"]
[Round "-"]
[White "Virgilio"]
[Black "gnomo"]
[Result "1-0"]
[WhiteElo "1739"]
[BlackElo "1631"]

1. e4 e5 2. Nf3 Nc6 3. Bc4 Nf6 4. Nc3 Bc5 5. d3 O-O 6. Bg5 h6 7. Bh4 d6 8. h3
Nd4 9. a3 c6 10. Rb1 b5 11. Ba2 a5 12. Nxd4 exd4 13. Ne2 b4 14. axb4 axb4 15.
Ra1 Be6 16. Bxe6 fxe6 17. f4 d5 18. e5 g5 19. Bf2 gxf4 20. Rxa8 Qxa8 21. exf6 e5
22. Nxf4 exf4 23. Qg4+ Kf7 24. Qg7+ Ke6 25. O-O Rxf6 26. Re1+ Kf5 27. Qg4# 1-0

[Event "Challenge"]
[Site "http://www.queenalice.com/game.php?id=237062"]
[Date "2007.7.9"]
[Round "-"]
[White "gnomo"]
[Black "fabianno"]
[Result "0-1"]
[WhiteElo "1500"]
[BlackElo "1807"]

1. e4 c5 2. c4 Nc6 3. d3 d6 4. Nf3 g6 5. Bd2 Bg7 6. Nc3 Nf6 7. Be3 O-O 8. d4
cxd4 9. Nxd4 Ng4 10. Nxc6 bxc6 11. Qd2 Nxe3 12. Qxe3 Be6 13. Be2 Qa5 14. O-O
Rab8 15. b3 Qxc3 16. Qxc3 Bxc3 17. Rad1 a5 18. Rd3 Bg7 19. Bf3 c5 20. g4 Rb4 21.
a3 Rb6 22. h4 Rfb8 23. Rb1 a4 24. Bd1 Bxc4 25. Re3 axb3 26. Be2 Bxe2 27. Rxe2 b2
28. a4 Rb4 29. a5 Ra8 30. Ra1 bxa1=Q+ 31. Kg2 Rxa5 32. f3 Bd4 33. f4 Qg1+ 34.
Kf3 Ra3+ 35. Re3 Rxe3# 0-1

[Event "Challenge"]
[Site "http://www.queenalice.com/game.php?id=256402"]
[Date "2007.8.16"]
[Round "-"]
[White "Pabloblo"]
[Black "gnomo"]
[Result "1-0"]
[WhiteElo "1456"]
[BlackElo "1537"]

1. e3 Nf6 2. c4 c5 3. g4 e5 4. Nh3 e4 5. f3 Qa5 6. Nc3 h5 7. Nxe4 Nxe4 8. fxe4
hxg4 9. Qxg4 Nc6 10. b3 Nb4 11. Kd1 d5 12. Qg3 dxe4 13. Qe5+ Be6 14. Nf2 Nxa2
15. Qxe4 Rd8 16. Qxb7 Nc3+ 17. Kc2 Qxa1 18. Bg2 Rd7 19. Bc6 Be7 20. Bb2 Qa2 21.
Ra1 Kd8 22. Qb8# 1-0

[Event "AUTO-INT-579"]
[Site "http://www.queenalice.com/game.php?id=257288"]
[Date "2007.8.18"]
[Round "1"]
[White "Cesar_Luiz_Marques"]
[Black "gnomo"]
[Result "1-0"]
[WhiteElo "1717"]
[BlackElo "1496"]

1. e4 e5 2. Nf3 d6 3. h3 c5 4. Bc4 Nf6 5. d3 Qa5+ 6. Nc3 Nc6 7. a3 Nd4 8. O-O
Be7 9. Nd5 O-O 10. Nxd4 Re8 11. Bd2 Qd8 12. Qf3 cxd4 13. Nxf6+ Bxf6 14. c3 Be6
15. Bxe6 Rxe6 16. cxd4 exd4 17. Rac1 Be5 18. Qe2 Rg6 19. f4 d5 20. fxe5 dxe4 21.
Qxe4 Qd7 22. Ba5 Re8 23. Rc7 Qe6 24. Rfxf7 b6 25. Bb4 a5 26. Bd6 Rc8 27. Qb7 Rd8
28. Rxg7+ Rxg7 29. Rxg7+ Kh8 30. Rxh7+ Kg8 31. Qg7# 1-0

[Event "AUTO-INT-579"]
[Site "http://www.queenalice.com/game.php?id=257289"]
[Date "2007.8.18"]
[Round "1"]
[White "gnomo"]
[Black "Cesar_Luiz_Marques"]
[Result "0-1"]
[WhiteElo "1489"]
[BlackElo "1734"]

1. Nc3 Nc6 2. e4 e5 3. Bc4 Nf6 4. d3 Bb4 5. Qd2 O-O 6. Nf3 d6 7. O-O Nd4 8. Qe3
Nxc2 9. Qg5 Nxa1 10. d4 Bxc3 11. bxc3 Nxe4 12. Qh5 Nf6 13. Qh4 exd4 14. cxd4 Bf5
15. d5 Nc2 16. Bb2 Nb4 17. Qd4 Be4 18. Ng5 Bxd5 19. Ba3 Nc2 20. Qd3 Bxc4 21.
Qxc2 Bxf1 22. Bb2 g6 23. h4 Bb5 24. h5 Nxh5 25. Bc1 Re8 26. Qb3 Re1+ 27. Kh2 Qd7
28. Bd2 Re7 29. g3 Rae8 30. Qc2 Re2 31. Kg1 Bc6 32. f4 Nxg3 33. f5 Rg2# 0-1

[Event "AUTO-INT-579"]
[Site "http://www.queenalice.com/game.php?id=257306"]
[Date "2007.8.18"]
[Round "1"]
[White "gnomo"]
[Black "Artking"]
[Result "0-1"]
[WhiteElo "1517"]
[BlackElo "1842"]

1. Nc3 d5 2. Nxd5 Qxd5 3. Nf3 e5 4. d4 e4 5. c4 Qa5+ 6. Nd2 c5 7. a3 f5 8. dxc5
Bxc5 9. e3 Nc6 10. Qh5+ g6 11. Qh4 Ne5 12. b4 Bxb4 13. Rb1 Be7 14. Rb5 Qxb5 15.
Qxe7+ Nxe7 16. cxb5 Nd3+ 17. Bxd3 exd3 18. O-O Kf7 19. e4 Be6 20. Bb2 Rhc8 21.
Rd1 Rc2 22. Bc1 Rac8 23. Nb3 Bxb3 24. f3 Rxc1 25. Rxc1 d2 26. Rxc8 Nxc8 27. g4
d1=Q+ 28. Kf2 Qd2+ 29. Kg3 f4+ 30. Kh4 Qxh2+ 31. Kg5 h6# 0-1

[Event "AUTO-INT-579"]
[Site "http://www.queenalice.com/game.php?id=257308"]
[Date "2007.8.18"]
[Round "1"]
[White "gnomo"]
[Black "TomBishop"]
[Result "1-0"]
[WhiteElo "1520"]
[BlackElo "1275"]

1. Nc3 e5 2. e4 Nc6 3. Nf3 Bb4 4. a4 Bxc3 5. bxc3 Nf6 6. Ba3 Nxe4 7. Bc4 Nd6 8.
Ba2 O-O 9. c4 e4 10. c5 Nf5 11. Ng1 d5 12. cxd6 Nxd6 13. c4 Be6 14. Qc2 Re8 15.
Qc3 Qg5 16. g3 a6 17. Bb2 Rad8 18. h4 Qc5 19. Qxg7# 1-0

[Event "AUTO-INT-579"]
[Site "http://www.queenalice.com/game.php?id=257309"]
[Date "2007.8.18"]
[Round "1"]
[White "TomBishop"]
[Black "gnomo"]
[Result "1-0"]
[WhiteElo "1265"]
[BlackElo "1526"]

1. e4 e5 2. Nf3 Bd6 3. d4 Qe7 4. dxe5 Bxe5 5. Nxe5 Qxe5 6. Bd3 Qa5+ 7. Bd2 Qe5
8. O-O Nf6 9. Re1 O-O 10. Nc3 Ng4 11. Qxg4 h5 12. Qf3 c5 13. Bf4 Qf6 14. e5 Qg6
15. Bxg6 fxg6 16. Qe4 Rf5 17. Qc4+ Rf7 18. Nd5 a6 19. Ne7+ Kf8 20. Nxc8 Nc6 21.
Qxc5+ Ke8 22. Nd6+ Ke7 23. Nxf7+ Kxf7 24. Qb6 Rb8 25. Qc7 Ke7 26. e6 Rd8 27.
Rad1 Kf6 28. Rxd7 g5 29. Be5+ Kxe6 30. Rxd8 Nxd8 31. Qxd8 g4 32. Bxg7+ Kf5 33.
Qf6# 1-0

[Event "resolvi voltar..."]
[Site "http://www.queenalice.com/game.php?id=275607"]
[Date "2007.9.22"]
[Round "-"]
[White "gnomo"]
[Black "Pabloblo"]
[Result "0-1"]
[WhiteElo "1483"]
[BlackElo "1507"]

1. Nf3 g6 2. d4 e6 3. e4 d5 4. Bd3 dxe4 5. Bxe4 f5 6. Bd3 c5 7. Be3 Na6 8. c4
Nb4 9. O-O Nxd3 10. Qxd3 Bg7 11. Qc3 f4 12. Bxf4 cxd4 13. Qb3 Nh6 14. Bg5 Bf6
15. Bxh6 g5 16. g4 b6 17. Na3 Bb7 18. Rad1 e5 19. Rfe1 Qd6 20. Nb5 Qe6 21. Nc7+
Kd7 22. Nxe6 Bxf3 23. Qxf3 Kxe6 24. Qf5+ Ke7 25. Bxg5 Bxg5 26. Qxg5+ Kf7 0-1

[Event "Challenge"]
[Site "http://www.queenalice.com/game.php?id=305005"]
[Date "2007.11.16"]
[Round "-"]
[White "gnomo"]
[Black "FENIX_RJ"]
[Result "0-1"]
[WhiteElo "1483"]
[BlackElo "1497"]

1. e4 e5 2. Nf3 d5 3. Nc3 d4 4. Nd5 Bc5 5. Nxe5 Nh6 6. b4 Bd6 7. Bb2 Bxe5 8. f4
Bxf4 9. Nxf4 Bg4 10. Be2 Bxe2 11. Nxe2 Qh4+ 12. g3 Qxe4 13. Bxd4 Qxh1+ 14. Ng1
Qxh2 15. Qf3 Nc6 0-1